European Culture - Sudden Death - Statistics

General Stats
  • This quiz has been taken 237 times
  • The average score is 9 of 20
Answers on the Grid
Answers color-coded by a green-red scale on the quiz's grid according to % correct below.
Baroque
Stoicism
Chupacabra
Dreamcatcher
Gyros
Skateboarding
Maraca
Samba
Tartan
Ukulele
Piñata
Golf
Arancini
Rumba
Thanksgiving
Chanson
Volleyball
Tarantella
Bastille Day
Tequila
Kabsa
Taco
Dracula
Reggae
May Day
Oktoberfest
Tennis
Sirtaki
Hip-hop
Pixie
Sombrero
Poutine
Sangria
Mazurka
Valkyrie
Poncho
Jazz
Kilt
Basketball
Rococo
 
Answer Stats
Answer % Correct
Baroque
81%
Oktoberfest
68%
Dracula
65%
Gyros
64%
Bastille Day
62%
Kilt
56%
Stoicism
51%
Tartan
47%
Golf
44%
Sangria
44%
Valkyrie
44%
Arancini
41%
Tennis
40%
Rococo
38%
Chanson
36%
May Day
27%
Sirtaki
26%
Tarantella
26%
Mazurka
24%
Pixie
17%
No matching quizzes found
Score Distribution
Percent of People with Each Score
Percentile by Number Answered
Your Score History
You have not taken this quiz